Semana Santa de Córdoba - Estadísticas

Estadísticas generales
  • Esta prueba ha sido intentada 534 veces
  • La puntuación promedio es 35 de 46
Estadísticas de respuestas
Respuesta % Correcto
Entrada Triunfal
92%
Resucitado
92%
Paz
91%
Esperanza
89%
Estrella
87%
Huerto
87%
Prendimiento
86%
Remedio de Ánimas
86%
Dolores
84%
Amor
83%
Buena Muerte
83%
Penas de Santiago
83%
Santo Sepulcro
83%
Sentencia
83%
Vera Cruz
83%
Angustias
82%
Merced
82%
Nazareno
82%
Rescatado
81%
Sagrada Cena
80%
Caído
79%
Sangre
79%
Universitaria
78%
Vía Crucis
78%
Calvario
77%
Buen Suceso
76%
Perdón
76%
Descendimiento
75%
Expiración
75%
Agonía
74%
Piedad
74%
Soledad
74%
Misericordia
73%
Pasión
73%
Santa Faz
73%
Cristo de Gracia
71%
Caridad
68%
Conversión
67%
La O
65%
Presentación al Pueblo
62%
Lágrimas
57%
Salud
55%
Bondad
51%
Quinta Angustia
47%
Traslado al Sepulcro
40%
Providencia
39%
No se encontraron pruebas coincidentes
Distribución de puntuación
Porcentaje de gente con cada puntuación
Porcentaje por número respondido
Historial de tus puntuaciones
No has intentado esta prueba.